000 00612nam a22002177a 4500
003 OSt
005 20181023122339.0
008 181023b xxu||||| |||| 00| 0 eng d
020 _a0854040080
040 _aLB-BrCRDP
082 _a661 S187i
100 _aDilwyn Morgan Samuel
245 _aIndustrial chemistry-inorganic.
250 _aSecond edition
260 _aLondon
_bRoyal Institute of Chemistry
_c1970
300 _a166p
_c21cm
490 _aRoyal Institute of Chemistry.; Monographs for teachers. N10
630 _a Chemistry, Technical.
630 _aChemistry, Inorganic.
942 _2ddc
_cBK
999 _c21966
_d21966